MARC details
| 000 -CABECERA |
| campo de control de longitud fija |
01236nam a2200253 a 4500 |
| 005 - FECHA Y HORA DE LA ÚLTIMA TRANSACCIÓN |
| campo de control |
20230621063612.0 |
| 008 - ELEMENTOS DE LONGITUD FIJA--INFORMACIÓN GENERAL |
| campo de control de longitud fija |
040908s2001 mx r 000 0 spa d |
| 020 ## - NÚMERO INTERNACIONAL NORMALIZADO PARA LIBROS |
| Número Internacional Estándar del Libro |
8489967938 |
| 035 ## - NÚMERO DE CONTROL DEL SISTEMA |
| Número de control de sistema |
UPN01000134594 |
| 049 ## - COLECCIÓN |
| Colección |
CG |
| 050 #4 - SIGNATURA TOPOGRÁFICA DE LA BIBLIOTECA DEL CONGRESO |
| Número de clasificación |
LB1027.25 |
| Número de documento/Ítem |
M4.7 no. 46 |
| 100 1# - ASIENTO PRINCIPAL--NOMBRE PERSONAL |
| Nombre de persona |
Vallés Arándiga, Antonio |
| 9 (RLIN) |
29479 |
| 245 14 - MENCIÓN DE TÍTULO |
| Título |
Las palabras. ¿Qué significan? ¿Para qué sirven? : |
| Resto del título |
DE.CO.LI. : semántica : modificadores, dativo, locativo-- pragmática y metalenguaje : situaciones comunicativas / |
| Mención de responsabilidad, etc. |
Antonio Vallés Arándiga. |
| 260 ## - PUBLICACIÓN, DISTRIBUCIÓN, ETC. |
| Lugar de publicación, distribución, etc. |
Madrid : |
| Nombre del editor, distribuidor, etc. |
EOS, |
| Fecha de publicación, distribución, etc. |
2001. |
| 300 ## - DESCRIPCIÓN FÍSICA |
| Extensión |
157 p. |
| 440 #0 - MENCIÓN DE SERIE/ASIENTO SECUNDARIO--TÍTULO |
| Título |
Método EOS ; |
| Designación de volumen o secuencia |
46. |
| Nombre de parte o sección de la obra |
Cuaderno para el refuerzo de la comunicación y el lenguaje |
| 500 ## - NOTA GENERAL |
| Nota general |
"Nivel óptimo : alumnado de educación primaria con necesidades educativas en el desarrollo del lenguaje oral y la comunicación. Alumnado con n.e.e." |
| 500 ## - NOTA GENERAL |
| Nota general |
"Las palabras ¿Qué significan? ¿Para qué sirven? desarrollo de la compentencia ligüística DE.CO.LI." |
| 650 #4 - ASIENTO SECUNDARIO DE MATERIA - TERMINO TEMATICO |
| Término de materia o nombre geográfico como elemento de entrada |
Lingüística |
| Subdivisión general |
Estudio y enseñanza (Elemental) |
| 9 (RLIN) |
27750 |
| 650 #2 - ASIENTO SECUNDARIO DE MATERIA - TERMINO TEMATICO |
| Término de materia o nombre geográfico como elemento de entrada |
Semántica |
| 9 (RLIN) |
3577 |
| 650 #7 - ASIENTO SECUNDARIO DE MATERIA - TERMINO TEMATICO |
| Término de materia o nombre geográfico como elemento de entrada |
Comunicación oral |
| Subdivisión general |
Estudio y enseñanza (Elemental) |
| Fuente del encabezamiento o término |
|
| 9 (RLIN) |
6703 |
| 650 #4 - ASIENTO SECUNDARIO DE MATERIA - TERMINO TEMATICO |
| Término de materia o nombre geográfico como elemento de entrada |
Programas de actividades en la educación |
| 9 (RLIN) |
7928 |
| 905 ## - TIPO DE MATERIAL |
| Tipo de material |
Libro |